<?xml version="1.0" encoding="UTF-8"?>
<record
    xmlns:xsi="http://www.w3.org/2001/XMLSchema-instance"
    xsi:schemaLocation="http://www.loc.gov/MARC21/slim http://www.loc.gov/standards/marcxml/schema/MARC21slim.xsd"
    xmlns="http://www.loc.gov/MARC21/slim">

  <leader>03721nam a2200385 i 4500</leader>
  <controlfield tag="001">000022283</controlfield>
  <controlfield tag="003">DO-SdBNP</controlfield>
  <controlfield tag="005">20231003121135.0</controlfield>
  <controlfield tag="007">ta</controlfield>
  <controlfield tag="008">090630s2004    dr d    r     000 0 spa d</controlfield>
  <datafield tag="020" ind1=" " ind2=" ">
    <subfield code="a">9993430668</subfield>
  </datafield>
  <datafield tag="040" ind1=" " ind2=" ">
    <subfield code="a">DO-SdBNP</subfield>
    <subfield code="b">spa</subfield>
    <subfield code="c">BNPHU</subfield>
    <subfield code="e">rda</subfield>
  </datafield>
  <datafield tag="082" ind1=" " ind2="4">
    <subfield code="a">330.97293</subfield>
    <subfield code="b">C744n, 2003</subfield>
    <subfield code="2">22</subfield>
  </datafield>
  <datafield tag="111" ind1="2" ind2=" ">
    <subfield code="a">Concurso Biblioteca Juan Pablo Duarte</subfield>
    <subfield code="d">(2003: </subfield>
    <subfield code="c">Santo Domingo)</subfield>
    <subfield code="9">84322</subfield>
  </datafield>
  <datafield tag="245" ind1="1" ind2="0">
    <subfield code="a">Nueva literatura econ&#xF3;mica dominicana :</subfield>
    <subfield code="b">premios del concurso "Biblioteca Juan Pablo Duarte", 2003 /</subfield>
    <subfield code="c">edici&#xF3;n, Ram&#xF3;n Pereyra, Betania Corletto ;  pr&#xF3;logo, F&#xE9;liz Calvo.</subfield>
  </datafield>
  <datafield tag="264" ind1=" " ind2=" ">
    <subfield code="a">Santo Domingo :</subfield>
    <subfield code="b">Banco Central de la Rep&#xFA;blica Dominicana,</subfield>
    <subfield code="c">2004.</subfield>
  </datafield>
  <datafield tag="300" ind1=" " ind2=" ">
    <subfield code="a">372 p&#xE1;ginas :</subfield>
    <subfield code="b">ilustraciones, gr&#xE1;ficos ;</subfield>
    <subfield code="c">23 cm.</subfield>
  </datafield>
  <datafield tag="336" ind1=" " ind2=" ">
    <subfield code="2">rdacontent</subfield>
    <subfield code="a">texto</subfield>
    <subfield code="b">txt</subfield>
  </datafield>
  <datafield tag="337" ind1=" " ind2=" ">
    <subfield code="2">rdamedia</subfield>
    <subfield code="a">sin mediaci&#xF3;n</subfield>
    <subfield code="b">n</subfield>
  </datafield>
  <datafield tag="338" ind1=" " ind2=" ">
    <subfield code="2">rdacarrier</subfield>
    <subfield code="a">volumen</subfield>
    <subfield code="b">nc</subfield>
  </datafield>
  <datafield tag="490" ind1="0" ind2=" ">
    <subfield code="a">Banco Central de la Rep&#xFA;blica Dominicana</subfield>
    <subfield code="v">69</subfield>
    <subfield code="a">Nueva literatura econ&#xF3;mica</subfield>
    <subfield code="v">7</subfield>
  </datafield>
  <datafield tag="500" ind1=" " ind2=" ">
    <subfield code="a">Incluye referencias bibliogr&#xE1;ficas y notas al pie de las p&#xE1;ginas</subfield>
  </datafield>
  <datafield tag="500" ind1=" " ind2=" ">
    <subfield code="a">Incluye bibliograf&#xED;a al final de los cap&#xED;tulos</subfield>
  </datafield>
  <datafield tag="505" ind1="0" ind2=" ">
    <subfield code="a">Pr&#xF3;logo -- Agradecimiento -- Desajuste fiscales y su impacto en la cuenta corriente: una aproximaci&#xF3;n al proceso de ajuste externo de la econom&#xED;a dominicana / Hamlet Guti&#xE9;rrez M. -- Introducci&#xF3;n -- Aspectos te&#xF3;ricos de la cuenta corriente y el enfoque fiscal de la balanza de pagos -- El gasto p&#xFA;blico dominicano y la situaci&#xF3;n externa. El caso de la Rep&#xFA;blica Dominicana -- El d&#xE9;ficit fiscal y su impacto en la cuenta corriente : resultados emp&#xED;ricos --Predominio fiscal y pol&#xED;tica monetaria en la Rep&#xFA;blica Dominicana -- La teor&#xED;a fiscal del nivel de precios -- Metodolog&#xED;as de identificaci&#xF3;n de pruebas de predominio fiscal -- Implicaciones del predominio fiscal para la conducci&#xF3;n de pol&#xED;tica monetaria -- Determinantes del tipo de cambio de equiliobrio, presi&#xF3;n sobre el mercado cambiario y ataques especulativos en la Rep&#xFA;blica Dominicana: evidencia reciente -- Introducci&#xF3;n -- Tipo de cambio de equilibrio en la Rep&#xFA;blica Dominicana (1990-2003) -- Pol&#xED;tica monetaria y presi&#xF3;n sobre el mercado cambiario (EMP) -- Modelo de ataque especulativo -- Menci&#xF3;n de Honor. Mecanismos de transmisi&#xF3;n monetaria en la Rep&#xFA;blica Dominicana : el traspaso de las evaluaciones del tipo de cambio sobre los niveles de precio --introducci&#xF3;n -- Mecanismos de transmisi&#xF3;n monetaria : un repaso de la literatura -- Efectos del mecanismo de transmisi&#xF3;n del tipo de cambio en la econom&#xED;a dominicana -- Conclusiones -- Menci&#xF3;n de honor. Desequilibro de corto plazo y el sobredesbordamientos del tipo de cambio: el caso Baninter perdidas de credibilidad pol&#xED;tica monetaria-- Introducci&#xF3;n -- Equilibrio macroecon&#xF3;mico de corto plazo y tipo de cambio real -- Ineficacia y p&#xE9;rdida de credibilidad de la pol&#xED;tica monetaria -- Descripci&#xF3;n del modelo -- La cuantificaci&#xF3;n del desequilibrio macroecon&#xF3;mico de corto plazo --La magnitud del desbordamiento cambiario por p&#xE9;rdida de credibilidad y por el caso Baninter.</subfield>
  </datafield>
  <datafield tag="590" ind1=" " ind2=" ">
    <subfield code="a">Inventariado, 2018/ YL</subfield>
  </datafield>
  <datafield tag="650" ind1=" " ind2="4">
    <subfield code="a">Pol&#xED;tica monetaria</subfield>
    <subfield code="z">Rep&#xFA;blica Dominicana</subfield>
    <subfield code="v">Congresos, conferencias, etc.</subfield>
    <subfield code="9">6378</subfield>
  </datafield>
  <datafield tag="650" ind1=" " ind2="4">
    <subfield code="a">Pol&#xED;tica fiscal</subfield>
    <subfield code="z">Rep&#xFA;blica Dominicana</subfield>
    <subfield code="v">Congresos, conferencias, etc.</subfield>
    <subfield code="9">46037</subfield>
  </datafield>
  <datafield tag="651" ind1=" " ind2="4">
    <subfield code="a">Rep&#xFA;blica Dominicana</subfield>
    <subfield code="x">Pol&#xED;tica econ&#xF3;mica</subfield>
    <subfield code="v">Congresos, conferencias, etc.</subfield>
    <subfield code="9">7001</subfield>
  </datafield>
  <datafield tag="700" ind1="1" ind2=" ">
    <subfield code="a">Corletto de Echavarr&#xED;a, Betania,</subfield>
    <subfield code="c">edici&#xF3;n</subfield>
    <subfield code="9">6383</subfield>
  </datafield>
  <datafield tag="700" ind1="1" ind2=" ">
    <subfield code="a">Soto, Elvis,</subfield>
    <subfield code="c">edici&#xF3;n</subfield>
    <subfield code="9">6384</subfield>
  </datafield>
  <datafield tag="710" ind1="2" ind2=" ">
    <subfield code="a">Banco Central de la Rep&#xFA;blica Dominicana.</subfield>
    <subfield code="b"> Departamento Cultural</subfield>
    <subfield code="9">7006</subfield>
  </datafield>
  <datafield tag="910" ind1=" " ind2=" ">
    <subfield code="a">Validado. Control de calidad MFF</subfield>
  </datafield>
  <datafield tag="942" ind1=" " ind2=" ">
    <subfield code="2">ddc</subfield>
    <subfield code="c">LBS1</subfield>
  </datafield>
  <datafield tag="952" ind1=" " ind2=" ">
    <subfield code="0">0</subfield>
    <subfield code="1">0</subfield>
    <subfield code="2">ddc</subfield>
    <subfield code="5">1</subfield>
    <subfield code="7">0</subfield>
    <subfield code="8">PD</subfield>
    <subfield code="a">BNPHU</subfield>
    <subfield code="b">BNPHU</subfield>
    <subfield code="c">HD</subfield>
    <subfield code="d">2010-09-21</subfield>
    <subfield code="l">0</subfield>
    <subfield code="o">BNPHU PD 330.97293 C744n 2003</subfield>
    <subfield code="p">22283-10</subfield>
    <subfield code="r">2020-06-25</subfield>
    <subfield code="w">2020-06-25</subfield>
    <subfield code="y">LBS1</subfield>
    <subfield code="Z">No se presta</subfield>
  </datafield>
  <datafield tag="952" ind1=" " ind2=" ">
    <subfield code="0">0</subfield>
    <subfield code="1">0</subfield>
    <subfield code="2">ddc</subfield>
    <subfield code="5">6</subfield>
    <subfield code="7">0</subfield>
    <subfield code="8">DS</subfield>
    <subfield code="a">BNPHU</subfield>
    <subfield code="b">BNPHU</subfield>
    <subfield code="c">HD</subfield>
    <subfield code="d">2010-10-20</subfield>
    <subfield code="l">0</subfield>
    <subfield code="o">BNPHU DS 330.97293 C744n 2003</subfield>
    <subfield code="p">22283-30</subfield>
    <subfield code="r">2020-06-25</subfield>
    <subfield code="t">e. 3</subfield>
    <subfield code="w">2020-06-25</subfield>
    <subfield code="y">LBS1</subfield>
    <subfield code="Z">Pr&#xE9;stamo en sala</subfield>
  </datafield>
  <datafield tag="952" ind1=" " ind2=" ">
    <subfield code="0">0</subfield>
    <subfield code="1">0</subfield>
    <subfield code="2">ddc</subfield>
    <subfield code="5">6</subfield>
    <subfield code="7">0</subfield>
    <subfield code="8">DS</subfield>
    <subfield code="a">BNPHU</subfield>
    <subfield code="b">BNPHU</subfield>
    <subfield code="c">HD</subfield>
    <subfield code="d">2018-06-08</subfield>
    <subfield code="e">Donaci&#xF3;n</subfield>
    <subfield code="l">0</subfield>
    <subfield code="o">BNPHU DS 330.97293 C744n 2003</subfield>
    <subfield code="p">22283-40</subfield>
    <subfield code="r">2020-06-25</subfield>
    <subfield code="t">e. 4</subfield>
    <subfield code="w">2020-06-25</subfield>
    <subfield code="y">LBS1</subfield>
    <subfield code="Z">Pr&#xE9;stamo en sala</subfield>
  </datafield>
  <datafield tag="952" ind1=" " ind2=" ">
    <subfield code="0">0</subfield>
    <subfield code="1">0</subfield>
    <subfield code="2">ddc</subfield>
    <subfield code="5">6</subfield>
    <subfield code="7">0</subfield>
    <subfield code="8">DS</subfield>
    <subfield code="a">BNPHU</subfield>
    <subfield code="b">BNPHU</subfield>
    <subfield code="c">HD</subfield>
    <subfield code="d">2018-07-17</subfield>
    <subfield code="e">Donaci&#xF3;n</subfield>
    <subfield code="l">0</subfield>
    <subfield code="o">BNPHU DS 330.97293 C744n 2003</subfield>
    <subfield code="p">22283-50</subfield>
    <subfield code="r">2020-06-25</subfield>
    <subfield code="t">e. 5</subfield>
    <subfield code="w">2020-06-25</subfield>
    <subfield code="y">LBS1</subfield>
    <subfield code="Z">Pr&#xE9;stamo en sala</subfield>
  </datafield>
  <datafield tag="952" ind1=" " ind2=" ">
    <subfield code="0">0</subfield>
    <subfield code="1">0</subfield>
    <subfield code="2">ddc</subfield>
    <subfield code="5">1</subfield>
    <subfield code="7">0</subfield>
    <subfield code="8">PD</subfield>
    <subfield code="a">BNPHU</subfield>
    <subfield code="b">BNPHU</subfield>
    <subfield code="c">HD</subfield>
    <subfield code="d">2010-10-20</subfield>
    <subfield code="l">0</subfield>
    <subfield code="o">BNPHU PD 330.97293 C744n 2003</subfield>
    <subfield code="p">22283-20</subfield>
    <subfield code="r">2020-06-25</subfield>
    <subfield code="t">e. 2</subfield>
    <subfield code="w">2020-06-25</subfield>
    <subfield code="y">LBS1</subfield>
    <subfield code="Z">No se presta</subfield>
  </datafield>
  <datafield tag="999" ind1=" " ind2=" ">
    <subfield code="c">21781</subfield>
    <subfield code="d">21781</subfield>
  </datafield>
</record>
